| 000 | 00478nam a22001697a 4500 | ||
|---|---|---|---|
| 005 | 20251108165437.0 | ||
| 008 | 250721s2008 xx 000 0 ara d | ||
| 082 | 1 | 4 | _a210.4215241/ماج |
| 100 | 1 | _aالحاجي، محمد عمر | |
| 245 | 1 | 0 | _aشجرة الحب في القرآن الكريم / |
| 264 | 1 |
_aدمشق : _bدار طيبة، _c2008. |
|
| 300 | _a144ص. | ||
| 650 | 1 | 7 | _aالاسلام |
| 650 | 1 | 7 | _aالحب (عواطف) |
| 942 |
_2ddc _cBK |
||
| 999 |
_c28083 _d28083 |
||